000 03729cam a22007094i 4500
003 PE-LiUPU
005 20250731170452.0
008 150706s2009 mx a rb 000 0 spa d
020 _a6074423105
020 _a9786074423105
035 _a(Sirsi) i9786074423105
040 _aPE-LiUPU
_bspa
_cPE-LiUPU
_dPE-LiUPU
_erda
049 _aPRUA
082 0 4 _a155
_bC84
_221
100 1 _aCraig, Grace J.,
_eautor.
245 1 0 _aDesarrollo psicológico /
_cGrace J. Craig, Don Baucum.
250 _a9a.edición.
264 1 _aMexico :
_bPrentice Hall,
_c2009.
300 _a696 páginas :
_bilustraciones ;
_c27 centímetros
336 _atext
_2rdacontent
337 _aunmediated
_2rdamedia
338 _avolume
_2rdacarrier
504 _aBibliografía: páginas 635-672.
505 0 _aTeorías y métodos de investigación -- Desarrollo prenatal y parto -- Herencia y ambiente -- Desarrollos de la personalidad y socialización en la infancia -- El preescolar: desarrollo físico, cognoscitivo y lingüístico -- El preescolar: Desarrollo de la personalidad y socialización -- Niñez media y niños en edad escolar: desarrollos físico y cognoscitivo -- Niñez media y niños en edad escolar: Desarrollo de la personalidad y socialización -- Adolescencia: desarrollos físico y cognoscitivo -- Adolescencia: desarrollo de la personalidad y socialización -- Juventud: desarrollos físico y cognoscitivo -- Juventud desarrollo de la personalidad y socialización -- Adultos de edad madura: desarrollos físico y cognoscitivo -- Madurez: desarrollo de la personalidad y socialización -- La vejez: desarrollos físico y cognoscitivo -- La vejez: desarrollo de la personalidad y socialización -- La muerte y el proceso de morir.
526 _aSEG68
526 _aSEG70
526 _aSEG69
526 _aSEG67
526 _aSEG43
526 _aP144
526 _aP143
526 _aP131
526 _aP122
526 _aP120
526 _aP117
526 _aP112
526 _aP110
526 _aP106
526 _aP101
526 _aP80
526 _aP59
526 _aP54
526 _aP35
526 _aP33
526 _aP30
541 _g001-003364;
541 _g0002-000113;
541 _g0002-000113;
650 0 4 _aPsicología del desarrollo.
700 1 _aBaucum, Don,
_eautor.
700 1 _aPecina Hernández, José Carmen,
_etraductor.
910 _agl
_bjv
_clch
_d20120719
942 _2ddc
_cBOOK
949 _a155 C84
_wDEWEY
_c1
_i63583
_lCCODEBUL1
_mBUL
_p39.00
_r0
_sY
_tBOOK
_u2015-7-6
_xSALUD
_PP33
_o.STAFF. Colección Ciencias de la Salud
949 _a155 C84
_wDEWEY
_c2
_i65083
_lCCODEBUL1
_mBUL
_p31.00
_r0
_sY
_tBOOK
_u2015-7-6
_xSALUD
_PP33
_o.STAFF. Colección Ciencias de la Salud
949 _a155 C84
_wDEWEY
_c3
_i65084
_lCCODEBUL1
_mBUL
_p31.00
_r0
_sY
_tBOOK
_u2015-7-6
_xSALUD
_PP33
_o.STAFF. Colección Ciencias de la Salud
994 _aC0
_bPEPRU
596 _a1
999 _a155 C84
_wDEWEY
_c52490
_i63583
_d52490
_e2019-3-7
_f2021-11-3
_g5
_lCCODEBUL1
_mBUL
_n4
_p39.00
_q1
_r0
_sY
_tBOOK
_u2015-7-6
_xSALUD
_zP33
_0COMPRA
_o.STAFF. Colección Ciencias de la Salud
999 _a155 C84
_wDEWEY
_c2
_i65083
_d2018-11-6
_e2018-11-2
_f2021-11-3
_g5
_lCCODEBUL1
_mBUL
_n5
_p31.00
_r0
_sY
_tBOOK
_u2015-7-6
_xSALUD
_zP33
_0COMPRA
_o.STAFF. Colección Ciencias de la Salud
999 _a155 C84
_wDEWEY
_c3
_i65084
_d2019-11-11
_e2019-10-7
_f2021-11-3
_g5
_lCCODEBUL1
_mBUL
_n9
_p31.00
_q3
_r0
_sY
_tBOOK
_u2015-7-6
_xSALUD
_zP33
_0COMPRA
_o.STAFF. Colección Ciencias de la Salud
980 _81
_gALBERTO SANCHEZ Responsable de Automatización